Score 0/27 Timer 06:00
0 Plays Today
Clue Answer % Correct
SPORTS
Manning brothers
Peyton
80.9%
SPORTS
Manning brothers
Eli
80.7%
HISTORY
Brontë author sisters
Emily
80.4%
HISTORY
Brontë author sisters
Charlotte
75.6%
ENTERTAINMENT
Gabor sisters
Zsa Zsa
72.3%
ENTERTAINMENT
Gabor sisters
Eva
67.7%
MUSIC
The Bee Gees
Barry
67%
TELEVISION
Full House sisters
D.J.
64.7%
MOVIES
Vito Corleone's sons
Michael
63.2%
TELEVISION
Full House sisters
Michelle
61.3%
HISTORY
Brontë author sisters
Anne
56.5%
TELEVISION
Full House sisters
Stephanie
55.9%
MUSIC
The Bee Gees
Maurice
48%
MOVIES
Vito Corleone's sons
Sonny
47.3%
Clue Answer % Correct
MUSIC
The Bee Gees
Robin
45.2%
MOVIES
Vito Corleone's sons
Fredo
42.9%
RELIGION
Book of Exodus siblings
Moses
42.2%
JUST FOR FUN
Animaniacs
Dot
37.9%
JUST FOR FUN
Animaniacs
Wakko
32.4%
RELIGION
Book of Exodus siblings
Aaron
32%
JUST FOR FUN
Animaniacs
Yakko
31.9%
LITERATURE
King Lear's daughters
Cordelia
27.9%
LITERATURE
King Lear's daughters
Regan
27.8%
LITERATURE
King Lear's daughters
Goneril
22.8%
SPORTS
Manning brothers
Cooper
22%
RELIGION
Book of Exodus siblings
Miriam
18.5%
ENTERTAINMENT
Gabor sisters
Magda
14.2%
Remove Ads.
Support Sporcle.
Get the best of Sporcle when you Go Orange. This ad-free experience offers more features, more stats, and more fun while also helping to support Sporcle. Thank you for becoming a member.

You're not logged in!

Compare scores with friends on all Sporcle quizzes.
OR
Log In

Show Comments

Extras

Top Quizzes Today


Score Distribution

Your Account Isn't Verified!

In order to create a playlist on Sporcle, you need to verify the email address you used during registration. Go to your Sporcle Settings to finish the process.

Report this User

Report this user for behavior that violates our Community Guidelines.

Details: